00374nam a22001337a 450000500170000000800410001704100120005808200120007010000130008224500390009526000500013430000310018465000250021520240816134744.0240816b |||||||| |||| 00| 0 eng d aEnglish a349 LAW lEnglish  aThe Law Reports: Probate Division  aLondon: bWilliam Clowes and Sons Ltd, c1925 bxviii, 215 pages; c25 cm. aLegal practice bLaw